Harry Potter Charaktere nach Buchbeschreibung - Statistiken

Allgemein
  • Dieses Quiz wurde 335 mal gespielt
  • Das Durchschnittsergebnis liegt bei 7 aus 10
Antwortstatistiken
Hint Antwort % Korrekt
Er ist ein schlanker und großer Zauberer, hat langes silbernes Haar und einen langen silbernen Bart, leuchtend blaue Augen und trägt eine Halbmondbrille auf seiner Hakennase. Albus Dumbledore
91%
Er ist ein großer hagerer Mann, mit schulterlangen ungepflegten Haaren und einer Hakennase Severus Snape
90%
Er ist ein großer, schlanker Junge mit blassem, spitzem Gesicht, glattem blondem Haar und eisgrauen Augen Draco Malfoy
88%
Sie ist eine kleine, rundliche Frau mit freundlichem Gesicht und hat braune Augen und rötliches Haar. Molly Weasley
82%
Sie hat zotteliges, hüftlanges, schmutzigblondes Haar und ungewöhnlich helle Augenbrauen. Besonders auffällig sind ihre blassen, silber-grauen Glubschaugen. Luna Lovegood
78%
Sie ist eine dicke, krötenartige Frau mit einem breiten, schlaffen Mund und trägt eine große Schleife, die oft in ihrem Haar steckt Dolores Umbridge
73%
Sie ist blond, trägt eine hoch aufgetürmte Lockenfrisur und hat eine juwelenbesetzte Brille auf der Nase sitzen. Ihre Finger enden in fünf Zentimeter langen und karmesinrot lackierten Fingernägeln. Rita Kimmkorn
67%
Sie hat langes, glänzendes, dichtes, schwarzes Haar, ein kräftiges Kinn, dunkle Augen und dünne Lippen. Sie hat immer noch Reste der alten Schönheit. Bellatrix Lestrange
51%
Er ist ein kleiner, korpulenter Mann mit zerknitterten grauen Haaren und hat eine Vorliebe für nadelstreifende Zaubererumhänge. Er ist immer gut durch seinen limetten-farbenden Melonenhut erkennbar. Cornelius Fudge
48%
Er hat blaue wässrige Augen, blasse Haut und farbloses Haar das zu einer Glatze neigt und früher einmal mausbraun war. Peter Pettigrew
42%
Keine übereinstimmenden Quizze gefunden
Verteilung der Resultate
Anzahl Personen mit jedem Resultat
Perzentil nach korrekt beantworteten Fragen
Ihre Resultats-Entwicklung
Sie haben dieses Quiz noch nicht gespielt